| 000 | 01015nam a2200313 i 4500 | ||
|---|---|---|---|
| 001 | 000005857 | ||
| 003 | DO-SdBNP | ||
| 005 | 20230531090453.0 | ||
| 007 | ta | ||
| 008 | 090824s1997 dr 001 0 spa d | ||
| 040 |
_aDO-SdBNP _bspa _cBNPHU _erda |
||
| 082 |
_a344.729301 _bH557de, 1997 _222 |
||
| 100 |
_aHernández Rueda, Lupo, _d1930-2017 _923790 |
||
| 245 | 1 | 0 |
_aDerecho procesal del trabajo / _cLupo Hernández Rueda. |
| 250 | _a3a. edición | ||
| 264 |
_aMoca, República Dominicana : _bDalis, _c1997 |
||
| 300 |
_a370 paginas. ; _c24 am. |
||
| 336 |
_2rdacontent _atexto _btxt |
||
| 337 |
_2rdamedia _asin mediación _bn |
||
| 338 |
_2rdacarrier _avolumen _bnc |
||
| 590 | _aInventariado, 2023/ DG | ||
| 650 | 4 |
_aDerecho laboral _zRepública Dominicana _97337 |
|
| 650 | 4 |
_aDerecho procesal _zRepública Dominicana _913091 |
|
| 650 | 4 |
_aDerecho penal _zRepública Dominicana _916470 |
|
| 650 | 4 |
_aLegislacion laboral _916517 |
|
| 650 | 4 |
_aDerecho al trabajo _916432 |
|
| 910 | _aDG | ||
| 942 |
_2ddc _cLBS1 |
||
| 999 |
_c53656 _d53656 |
||